00948nam a2200301 i 4500001000300000003000400003005001700007008003900024015001800063020001500081040001400096041000800110080001500118080000800133080001000141100003600151245009200187260003200279300002100311490004300332655002600375650002100401650004100422710001600463700003900479830003000518856009800548bgBPK20220913134408.0031205s2003 pl f f |000 0 pol aPB 2003/20978 a8372513775 aWA NcBPK0 apol a658.14/.17 a657 a(076)1 aGmytrasiewicz, Mariad(1940- ).10aRachunkowość finansowa :bzbiór zadań /cMaria Gmytrasiewicz, Anna Karmańska. aWarszawa :b"Difin",c2003. a288 s. ;c23 cm.1 aVademecum Rachunkowości,x1234-1681. 4aĆwiczenia i zadania 4aRachunkowość 4aFinanse przedsiębiorstwaxfinanse.2 aDifin4pbl.1 aKarmańska, Annad(1957- )eAutor 0aVademecum Rachunkowości uhttp://koha.tu.koszalin.pl/cgi-bin/koha/opac-detail.pl?biblionumber=45130yKatalog online BPK